=LDR 00000nam 2200000 4500 =001 INLIS000000000015973 =005 20130612111240 =008 ***********************************Ind** =035 ##$$a0010-061300000015973 =041 ##$$a Ind =082 ##$$a 158.1 =090 ##$$a 158.1, The s =100 ##$$a The Liang Gie =245 ##$$a Strategi hidup sukses, The Liang Gie =260 ##$$a 1991 $b Yogyakarta =300 ##$$a 152 hlm., 21 cm =650 ##$$a Sukses Psikologi =850 ##$$a NBPNMAT =990 ##$$a 0001/BPAP-NTB/20142014